00390nam a2200121Ia 4500008004100000050002400041245007500065260004600140300001200186500002000198500002000218650003000238151021s9999 xx 000 0 und d aBV 4012.2.G53 2010  a_Pre-Marital Counselling a guide for the counsellor/ Emmy M. Gichinga  aNairobi ; GEM counselling services, 2003  a114 p.  aIncludes index  aIncludes index  a_Pre-marital counselling